| 000 | 00396cam a2200169ua 4500 | ||
|---|---|---|---|
| 020 | _c5.00 | ||
| 041 |
_ahin _h |
||
| 082 |
_a891.54 _bVRI/ME |
||
| 100 | _aVrijratndas, . | ||
| 245 |
_aMeera- Madhuri / _cVrijratndas. _hTextual Documents |
||
| 260 |
_a : _bHindi Sahitya Kuttir , _c1963. |
||
| 300 | _a275 ; . | ||
| 365 | _a5.00 | ||
| 504 | _a | ||
| 942 | _cBK | ||
| 999 |
_c11474 _d11474 |
||